LEADER 00984nam a2200229 i 4500 001 000000047087 003 CaOOAMICUS 005 20120220000000.0 008 120220s1958 xx u000 u ger u 013 $a18257 040 $aSeMil$bita 100 1 $aLohmeyer, Ernst,$d<1890-1946>.$0(OLS)http://semarc/name/23418 245 10$aUrchristliche Mystik :$bNeutestamentliche Studien /$cErnst Lohmeyer. 250 $a2. unveränderte Aufl. 260 $aDarmstadt :$bWissenschaftliche Buchgesellschaft,$c1958. 300 $a181 p. ;$c21 cm. 650 4$aBibbia - Spiritualitā - NT.$0(OLS)http://semarc/subject/9739 650 4$aMistica cristiana.$0(OLS)http://semarc/subject/911 850 $aSeMil 852 $aSeMil$W1$xVenegono$y1$m2C III 171$j13242$B13242$CSeMilBibl$Z2$F13242 $81 996 $6245$aUrchristliche Mystik :$bNeutestamentliche Studien$9(OLS)http://semarc/title/70748 996 $6260$aDarmstadt :$bWissenschaftliche Buchgesellschaft$9(OLS)http://semarc/publisher/32002 LEADER 00989nam a2200205 i 4500 001 000000066202 003 CaOOAMICUS 005 20160127000000.0 008 160127s1915 xx u000 u lat u 013 $a37374 040 $aSeMil$bita 245 10$aInstitutiones propaedeuticae ad Sacram Theologiam :$bDe Christo Legato Divino ; De Ecclesia Christi ; De Locis Theologicis. 250 $aEditio quinta. 300 $aXXVI, 482 p. 500 $aIn appendix : De evangeliis et eorum inter se relatione. 700 1 $aPesch, Christian,$c.$0(OLS)http://semarc/name/1291 773 0 $aPesch, Christian $tPraelectiones dogmaticae.$dFriburgi Brisgoviae : Herder, 1914-1925.$gTomus1$w()1429 850 $aSeMil 852 $aSeMil$W1$xVenegono$y1$m2N III 75$j32355$B32355$CSeMilBibl$Z2$F32358 $81 996 $6245$aInstitutiones propaedeuticae ad Sacram Theologiam :$bDe Christo Legato Divino ; De Ecclesia Christi ; De Locis Theologicis$9(OLS)http://semarc/title/105237